00451nam a2200145Ia 450000500170000000800410001703700130005804000200007104100130009108400220010410000170012624500840014326000700022730000080029720250326125606.0250326s9999 xx 000 0 und d aTextbook aFMSLbengcFMSL aeng2eng aX8(A)oaY K7qFMSL aKuppuswamy B 0aReport of the research project industrilization and social changecKuppuswamy B aNew DelhibNew Delhi, Research Council For Cultural Studiesc1967 a98p